| 000 | 00752nam a22001817a 4500 | ||
|---|---|---|---|
| 999 |
_c60973 _d60973 |
||
| 005 | 20231130161843.0 | ||
| 008 | 231130s1977 ru ||||| |||| 00| 0 rus d | ||
| 041 | _arus | ||
| 080 | _a069.02(470-25) H-51 | ||
| 100 |
_aНенарокомова, И. _920536 |
||
| 245 |
_aГосударственные музеи Московского Кремля / _cИ. Ненарокомова. |
||
| 250 | _aИздание второе дополненное | ||
| 264 |
_aМ.: _bИскусство, _c1977. |
||
| 300 |
_a239 с.: _bилл. _c16 см. |
||
| 440 |
_aГорода и музеи мира _920091 |
||
| 653 | _aმოსკოვის კრემლის სახელმწიფო მუზეუმები | ||
| 942 |
_2udc _cᲬᲘᲒᲜᲘ |
||